000 01426nam a2200349Ia 4500
001 ebr10015039
003 CaPaEBR
006 m u
007 cr cn|||||||||
008 710304r20001888mau s 001 0 eng d
020 _z158218108X
020 _z1582181365
020 _z1582181098
040 _aCaPaEBR
_cCaPaEBR
035 _a(OCoLC)55638414
050 1 4 _aE457
_b.H575 2000eb
100 1 _aHerndon, William Henry,
_d1818-1891.
240 1 0 _aLincoln
245 1 0 _aHerndon's Lincoln
_h[electronic resource] /
_cby William H. Herndon.
246 3 _aLincoln
260 _aScituate, Mass. :
_bDigital Scanning,
_c2000.
300 _axx, 638 p.
500 _a"As published in 1888."
500 _aIncludes index.
500 _aOriginally published : Herndon's Lincoln : the true story of a great life ; the history and personal recollections of abraham Lincoln. Springfield, IL : The Herndon's Lincoln Publishing Co., 1888.
533 _aElectronic reproduction.
_bPalo Alto, Calif. :
_cebrary,
_d2005.
_nAvailable via World Wide Web.
_nAccess may be limited to ebrary affiliated libraries.
600 1 0 _aLincoln, Abraham,
_d1809-1865.
651 0 _aUnited States
_xHistory
_yCivil War, 1861-1865.
655 7 _aElectronic books.
_2local
710 2 _aebrary, Inc.
856 4 0 _uhttp://site.ebrary.com/lib/rucke/Doc?id=10015039
_zAn electronic book accessible through the World Wide Web; click to view
999 _c11311
_d11311